000
00283nam a2200109Ia 4500
008
200302s9999 xx 000 0 und d
100
_a
Cedric Pugh
245
_a
Sustainable Cities in Developing Countries
260
_b
Earthscan Publications Ltd.
260
_c
2005
300
_a
237 P.,
999
_c
2474
_d
2474